MARC details
| 000 -CABECERA |
| campo de control de longitud fija |
02610nam a22003613i 4500 |
| 001 - NÚMERO DE CONTROL |
| campo de control |
991107469838606196 |
| 005 - FECHA Y HORA DE LA ÚLTIMA TRANSACCIÓN |
| campo de control |
20250616110418.0 |
| 006 - CÓDIGOS DE INFORMACIÓN DE LONGITUD FIJA--CARACTERÍSTICAS DEL MATERIAL ADICIONAL |
| campo de control de longitud fija |
m o d | |
| 007 - CAMPO FIJO DE DESCRIPCIÓN FÍSICA--INFORMACIÓN GENERAL |
| campo de control de longitud fija |
cr cnu|||||||| |
| 008 - DATOS DE LONGITUD FIJA--INFORMACIÓN GENERAL |
| campo de control de longitud fija |
240205s2024 xx o ||||0 eng d |
| 020 ## - NÚMERO INTERNACIONAL ESTÁNDAR DEL LIBRO |
| Número Internacional Estándar del Libro |
9781529226188 |
| 035 ## - NÚMERO DE CONTROL DEL SISTEMA |
| Número de control de sistema |
(MiAaPQ)EBC31001905 |
| 035 ## - NÚMERO DE CONTROL DEL SISTEMA |
| Número de control de sistema |
(Au-PeEL)EBL31001905 |
| 035 ## - NÚMERO DE CONTROL DEL SISTEMA |
| Número de control de sistema |
(Exl-AI)31001905 |
| 035 ## - NÚMERO DE CONTROL DEL SISTEMA |
| Número de control de sistema |
(CKB)30182071700041 |
| 035 ## - NÚMERO DE CONTROL DEL SISTEMA |
| Número de control de sistema |
(EXLCZ)9930182071700041 |
| 040 ## - FUENTE DE LA CATALOGACIÓN |
| Centro catalogador/agencia de origen |
MiAaPQ |
| Lengua de catalogación |
eng |
| Normas de descripción |
rda |
| -- |
pn |
| Centro/agencia transcriptor |
MiAaPQ |
| Centro/agencia modificador |
MiAaPQ |
| 041 ## - CÓDIGO DE LENGUA |
| Código de lengua del texto/banda sonora o título independiente |
eng |
| 050 #4 - SIGNATURA TOPOGRÁFICA DE LA BIBLIOTECA DEL CONGRESO |
| Número de clasificación |
T14.5 |
| Número de documento/Ítem |
.T363 2024 |
| 100 ## - ENTRADA PRINCIPAL--NOMBRE DE PERSONA |
| Nombre de persona |
Tamari, Tomoko. |
| 9 (RLIN) |
24923 |
| Término indicativo de función/relación |
editor |
| 245 10 - MENCIÓN DE TÍTULO |
| Título |
Human Perception and Digital Information Technologies |
| Resto del título |
: Animation, the Body, and Affect. |
| 250 ## - MENCIÓN DE EDICIÓN |
| Mención de edición |
First edition |
| 264 #1 - PRODUCCIÓN, PUBLICACIÓN, DISTRIBUCIÓN, FABRICACIÓN Y COPYRIGHT |
| Producción, publicación, distribución, fabricación y copyright |
Bristol : |
| Nombre del de productor, editor, distribuidor, fabricante |
Bristol University Press, |
| Fecha de producción, publicación, distribución, fabricación o copyright |
2024. |
| 300 ## - DESCRIPCIÓN FÍSICA |
| Extensión |
263 pages |
| 500 ## - NOTA GENERAL |
| Nota general |
Includes index. |
| 505 8# - NOTA DE CONTENIDO CON FORMATO |
| Nota de contenido con formato |
Part I: Animation and consciousness —<br/>Part II: Affective experience and expression —<br/>Part III: Data visualization: space and time —<br/>Part IV: Image formation and embodiment —<br/>Contextual theoretical excursion: the body, affect, and perception —<br/>The brain and cognitive science —<br/>Affect, body, and consciousness —<br/>Movement and perception —<br/>Expanding the definition of animation —<br/>Animation and cinematic realism —<br/>Actuality and affective reality —<br/>Affect, cognition, and time-consciousness —<br/>Affectivity and incomputability —<br/>(Non)subjective affectivity and temporality. |
| 520 ## - SUMARIO, ETC. |
| Sumario, etc. |
Computational media govern our experiences by externalizing our knowledge and memories, mining data from our behaviour to influence our decision-making, and creating emotionally rewarding and sensory pleasures. But does that mean human perception is becoming a product of human-machine symbiosis in this new media ecology? This ground-breaking collection explores the ways in which digital information technologies form and influence human perception and experience. Examining the relationship between technological reductionism and the body, it takes on board discursive perspectives from the humanities and brings digital media, affect, and body studies into conversation with one another. Written by pioneering authors in the field, this book expands our understanding of human perception, animation, technology, and the body. |
| 588 ## - NOTA DE FUENTE DE LA DESCRIPCIÓN |
| Nota de fuente de la descripción |
Description based on publisher supplied metadata and other sources. |
| 588 ## - NOTA DE FUENTE DE LA DESCRIPCIÓN |
| Nota de fuente de la descripción |
Part of the metadata in this record was created by AI, based on the text of the resource. |
| 650 #0 - PUNTO DE ACCESO ADICIONAL DE MATERIA--TÉRMINO DE MATERIA |
| Término de materia o nombre geográfico como elemento de entrada |
Digital media |
| 9 (RLIN) |
9437 |
| 650 #0 - PUNTO DE ACCESO ADICIONAL DE MATERIA--TÉRMINO DE MATERIA |
| Término de materia o nombre geográfico como elemento de entrada |
Animation (Cinematography) |
| 9 (RLIN) |
24924 |
| 942 ## - ELEMENTOS DE ENTRADA AGREGADA (KOHA) |
| Fuente del sistema de clasificación o colocación |
Clasificación de Library of Congress |